Tuyển chọn và nhận diện vi khuẩn cố định đạm (có khả năng hòa tan lân và kali) phân lập từ đất của vùng núi đá hoa cương (núi Cấm) tại tỉnh An Giang : Bảo cáo tổng kết đề tài khoa học và công nghệ cấp Trường

Đề tài phân lập các dòng vi sinh vật có khả năng cố định đạm ở vùng đất Núi Cấm, An Giang

Zapisane w:
Opis bibliograficzny
1. autor: Lai, Chí Quốc
Format: Książka
Język:Undetermined
Wydane: Cần Thơ Trường Đại học Cần Thơ 2011
Hasła przedmiotowe:
Etykiety: Dodaj etykietę
Nie ma etykietki, Dołącz pierwszą etykiete!
Thư viện lưu trữ: Trung tâm Học liệu Trường Đại học Cần Thơ
LEADER 01176nam a2200229Ia 4500
001 CTU_203317
008 210402s9999 xx 000 0 und d
082 |a 660.62 
082 |b Qu451 
088 |a TSV2011-08 
100 |a Lai, Chí Quốc 
245 0 |a Tuyển chọn và nhận diện vi khuẩn cố định đạm (có khả năng hòa tan lân và kali) phân lập từ đất của vùng núi đá hoa cương (núi Cấm) tại tỉnh An Giang : 
245 0 |b Bảo cáo tổng kết đề tài khoa học và công nghệ cấp Trường 
245 0 |c Lai Chí Quốc (Chủ nhiệm đề tài) ; Cao Ngọc Điệp (cán bộ hướng dẫn) 
260 |a Cần Thơ 
260 |b Trường Đại học Cần Thơ 
260 |c 2011 
520 |a Đề tài phân lập các dòng vi sinh vật có khả năng cố định đạm ở vùng đất Núi Cấm, An Giang 
650 |a Agricultural biotechnology,Công nghệ sinh học nông nghiệp 
904 |i Nguyên 
915 |a CS 
980 |a Trung tâm Học liệu Trường Đại học Cần Thơ